000 00320nam a2200145Ia 4500
999 _c14099
_d14099
003 OSt
005 20260423112411.0
008 260210s9999 xx 000 0 und d
020 _a9788499362632
082 _a 729.28
100 _aMisc
245 0 _aKolon: Lighting (500 Tricks)
260 _bLoft
942 _cBDES
_2ddc